000 nam a22 7a 4500
999 _c51164
_d51164
003 OSt
005 20211202122516.0
008 211202b xxu||||| |||| 00| 0 eng d
040 _cSEROSOFT
100 _aMAHAJAN, V.D
245 _aPRACHIN BHARAT KA ITIHAS
260 _aS.CHAND
_bS.CHAND
300 _a576
942 _2ddc
_c02